[Event "FIDE World Rapid-ch Open 2018"]
[White "Harikrishna, Pentala"]
[Black "Hakobyan, Aram"]
[Site "St. Petersburg"]
[Round "1.10"]
[Annotator "TA"]
[Result "1-0"]
[Date "2018.12.26"]
[WhiteElo "2725"]
[BlackElo "2545"]
[PlyCount "115"]

1. e4 {} e5 2. Nf3 Nc6 3. Bc4 Bc5 4. c3 Nf6 5. d3 a6 6. 0-0 Ba7 7. a4 {C54: Giuoco Piano:
4 c3 Nf6, main lines with 5 d4 and 5 d3} d6 8. Re1 Ng4 9. Re2 Qf6 10. Na3 {
LiveBook: 3 Games} 0-0 11. Nc2 Be6 12. Bxe6 $146 ({Predecessor:} 12. h3 Nh6 13. Bg5 Qg6 14. Qd2 Bxc4 15. dxc4 {0-1 (72) Van Foreest,J (2609)-Adhiban,B (2671)
Hoogeveen 2017} )fxe6 (12... Qxe6 {seems wilder.} 13. h3 Nf6 14. d4 exd4 15. Nfxd4 Nxd4 16. Nxd4 Bxd4 17. cxd4 Rae8 )13. h3 Nh6 14. Be3 Ne7 15. Bxa7 Rxa7 16. d4 Nf7 17. Ne3 Ng6 18. Ng4 $36 { White has some pressure.} Qd8 19. Re3 h5 20. Ngh2 Qf6 21. g3 h4 22. Ng4 Qe7 23. dxe5 dxe5 (23... hxg3 $14 24. fxg3 Nfxe5 )24. Rd3 $16 hxg3 25. fxg3 Raa8 26. Qe2 Rad8 27. Rxd8 (27. Kg2 {
with more complications.} Rd6 28. Re3 Rfd8 29. Rf1 Nh6 30. Nf2 )Rxd8 28. h4 Nf8 29. Kg2 Qd6 30. Rf1 Nh7 31. Rf2 Nf6 {[#]} (31... Rf8 $16 {was worth a
try.} )32. Nxf6+ $1 $18 gxf6 {[#]} 33. Nh2 $1 {aiming for Qg4+.} Qd1 34. Qg4+ Kf8 35. Qxe6 Rd6 36. Qc8+ Kg7 37. Qg4+ ({Resist} 37. Qxb7 $6 Qxa4 38. Ng4 Qd7 )Qxg4 38. Nxg4 { Endgame KRN-KRN} Re6 39. Ne3 Nd6 40. Kf3 Re8 41. Rd2 Kf7 42. Nf5 Rd8 (42... Nxf5 $142 43. exf5 Ke7 )43. g4 Ke6 44. Nxd6 cxd6 {KR-KR} 45. a5 Rh8 46. h5 Rh7 (46... Rc8 $142 47. Kg3 Re8 )47. c4 Rc7 48. b3 {
} Rh7 49. Rd5 Rc7 50. Kg3 Rg7 51. Kh4 Rh7 52. b4 Rc7 53. c5 dxc5 54. bxc5 Rc8 55. h6 {} Rg8 56. Rd6+ Kf7 57. Rd7+ (57. h7 $142 Ra8 58. Rd7+ Ke6 59. Rxb7 Rh8 60. Ra7 Rb8 61. g5 fxg5+ 62. Kxg5 )Kg6 58. h7 {Accuracy: White = 76%, Black = 37%.} 1-0

[Event "FIDE World Rapid-ch Open 2018"]
[White "Shinkevich, Vitaly"]
[Black "Yu, Yangyi"]
[Site "St. Petersburg"]
[Round "1.11"]
[Annotator "TA"]
[Result "1/2-1/2"]
[Date "2018.12.26"]
[WhiteElo "2439"]
[BlackElo "2764"]
[PlyCount "102"]

1. d4 {} Nf6 2. Nf3 d5 3. c4 e6 4. Nc3 dxc4 5. e3 a6 6. a4 b6 {D24: Queen's Gambit Accepted: 3 Nf3 Nf6 4 Nc3} 7. Bxc4 Bb7 8. 0-0 {LiveBook: 174 Games} Nc6 9. Qe2 Na5 10. Ba2 Bb4 $146 ({Predecessor:} 10... c5 11. Rd1 Qb8 12. e4 cxd4 13. Nxd4 Bd6 14. Nf3 Bc5 15. Bg5 {1-0 (51) Martirosyan,
H (2597)-Urazayev,A (2333) Manavgat 2018} )11. Rd1 0-0 12. Ne5 c5 13. Nd3 Qe7 14. Bd2 Rac8 15. Be1 cxd4 16. Nxb4 dxc3 ({Not} 16... Qxb4 $2 17. Nd5 $18 )17. Bxc3 Ne4 18. Be1 Nc5 19. Rac1 Nxa4 (19... h6 $11 )20. Nxa6 $14 Qg5 (20... Qf6 $14 )21. f4 $16 Qf6 22. b4 (22. Rxc8 $1 $16 Rxc8 23. Rd4 )Qb2 $11 23. Qxb2 Nxb2 24. Rxc8 Rxc8 25. Rb1 (25. Rd7 $11 Bxa6 26. bxa5 )Nac4 $15 26. b5 Be4 27. Rc1 Nd3 28. Rxc4 Rxc4 29. Bxc4 Nxe1 $11 { Endgame KBN-KBN
} 30. Nb8 Nxg2 31. Kf2 $1 Nh4 32. Nd7 Nf5 33. Nxb6 Nd6 34. Be2 Kf8 35. Nd7+ Ke7 36. Nc5 Kd8 37. b6 Bd5 38. Bd3 $1 f5 ({Better is} 38... Nb7 $14 39. Nxb7+ Bxb7 )39. Ke2 $1 $16 h6 {[#]} 40. h4 $1 Nf7 41. Kd2 g5 {[#]} 42. hxg5 (42. fxg5 $1 $16 hxg5 43. h5 )hxg5 $11 43. fxg5 Nxg5 44. Kc3 Kc8 45. Ba6+ Kb8 $1 46. Nd7+ (46. Bc4 $1 $14 Ne4+ 47. Nxe4 Bxe4 48. Bxe6 )Ka8 47. Kd4 Bc6 48. Ne5 Bb7 49. Bc4 Kb8 50. Kc5 {Threatens to win with Nd7+.} Ne4+ 51. Kd4 Ng5 {
Accuracy: White = 74%, Black = 49%.} 1/2-1/2

[Event "FIDE World Rapid-ch Open 2018"]
[White "Kamsky, Gata"]
[Black "Sychev, Klementy"]
[Site "St. Petersburg"]
[Round "1.12"]
[Annotator "ChessBase"]
[Result "1-0"]
[Date "2018.12.26"]
[WhiteElo "2666"]
[BlackElo "2537"]
[PlyCount "87"]
[TimeControl "900+10"]

1. e4 {[%emt 0:0:0]} e5 {[%emt 0:0:35]} 2. Nf3 {[%emt 0:0:0]} Nc6 {[%emt 0:0:2]
} 3. Bb5 {[%emt 0:0:2]} a6 {[%emt 0:0:1]} 4. Ba4 {[%emt 0:0:0]} d6 {[%emt 0:0:1]} 5. c3 {[%emt 0:1:6]} f5 {[%emt 0:0:49]} 6. exf5 {[%emt 0:0:28]
} Bxf5 {[%emt 0:0:3]} 7. 0-0 {[%emt 0:0:4]} Bd3 {[%emt 0:0:0]} 8. Re1 {[%emt 0:0:3]} Be7 {[%emt 0:0:1]} 9. Bc2 {[%emt 0:0:16]} Bxc2 {[%emt 0:0:16]} 10. Qxc2 {[%emt 0:0:2]} Nf6 {[%emt 0:1:46]} 11. d4 {[%emt 0:0:5]
} e4 {[%emt 0:0:1]} 12. Ng5 {[%emt 0:4:56]} d5 {[%emt 0:0:2]
} 13. Nd2 {[%emt 0:0:5]} Nh5 {[%emt 0:4:45]} 14. Ndxe4 {[%emt 0:3:42]} dxe4 {[%emt 0:0:4]} 15. Qxe4 {[%emt 0:0:8]} Nf6 {[%emt 0:0:29]} 16. Qc2 {[%emt 0:0:50]
} Qd7 {[%emt 0:6:44]} 17. Ne6 {[%emt 0:0:7]} Kf7 {[%emt 0:0:0]} 18. Bf4 {[%emt 0:1:14]} Rhc8 {[%emt 0:0:39]} 19. Qb3 {[%emt 0:1:21]} Qd5 {[%emt 0:0:28]} 20. Nxc7 {[%emt 0:0:51]} Qxb3 {[%emt 0:0:2]} 21. axb3 {[%emt 0:0:2]
} Ra7 {[%emt 0:0:8]} 22. d5 {[%emt 0:0:6]} Nh5 {[%emt 0:0:0]} 23. dxc6 {[%emt 0:0:20]} Nxf4 {[%emt 0:0:3]} 24. Nb5 {[%emt 0:0:2]} axb5 25. Rxa7 {[%emt 0:0:5]} Rxc6 {[%emt 0:0:38]} 26. Rxb7 {[%emt 0:0:3]} Ne6 {[%emt 0:0:12]} 27. Rxb5 {[%emt 0:0:10]} Rd6 {[%emt 0:0:1]} 28. g3 {[%emt 0:0:19]
} Bf6 {[%emt 0:0:11]} 29. Re2 {[%emt 0:0:16]} g5 {[%emt 0:0:0]} 30. h3 {[%emt 0:0:3]} h5 {[%emt 0:0:2]} 31. Kg2 {[%emt 0:0:4]} Kg6 {[%emt 0:0:1]
} 32. b4 {[%emt 0:0:8]} h4 {[%emt 0:0:3]} 33. Ra5 {[%emt 0:0:0]} hxg3 {[%emt 0:0:31]} 34. fxg3 {[%emt 0:0:1]} Ng7 {[%emt 0:0:2]} 35. b5 {[%emt 0:0:6]} Nf5 {[%emt 0:0:5]} 36. Ra6 {[%emt 0:0:3]} Rd3 {[%emt 0:0:2]
} 37. Ree6 {[%emt 0:0:5]} Ne3+ {[%emt 0:0:21]} 38. Kf2 {[%emt 0:0:4]
} Nd5 {[%emt 0:0:16]} 39. c4 {[%emt 0:0:3]} Kf5 {[%emt 0:0:0]} 40. cxd5 {[%emt 0:0:4]} Bd4+ {[%emt 0:0:1]} 41. Kg2 {[%emt 0:0:56]} Rd2+ {[%emt 0:0:2]} 42. Kf1 {[%emt 0:0:2]} Rxb2 {[%emt 0:0:3]} 43. Ra4 {[%emt 0:0:17]
} Rb1+ {[%emt 0:0:39]} 44. Ke2 {[%emt 0:0:2]} 1-0

[Event "FIDE World Rapid-ch Open 2018"]
[White "Rechlis, Gad"]
[Black "Svidler, Peter"]
[Site "St. Petersburg"]
[Round "1.13"]
[Annotator "ChessBase"]
[Result "0-1"]
[Date "2018.12.26"]
[WhiteElo "2521"]
[BlackElo "2737"]
[PlyCount "66"]
[TimeControl "900+10"]

1. e4 {[%emt 0:2:54]} c5 {[%emt 0:0:0]} 2. Nc3 {[%emt 0:0:3]} g6 {[%emt 0:0:0]} 3. f4 {[%emt 0:0:14]} Bg7 {[%emt 0:0:5]} 4. Nf3 {[%emt 0:0:1]} Nc6 {[%emt 0:0:13]} 5. g3 {[%emt 0:0:24]} e6 {[%emt 0:2:0]} 6. e5 {[%emt 0:0:0]} d6 {[%emt 0:0:25]} 7. Ne4 {[%emt 0:2:20]} dxe5 {[%emt 0:0:20]} 8. fxe5 {[%emt 0:0:1]} Nxe5 {[%emt 0:0:30]} 9. Nxe5 {[%emt 0:2:28]} Bxe5 {[%emt 0:0:0]} 10. Bb5+ {[%emt 0:0:1]} Kf8 {[%emt 0:2:21]} 11. Qf3 {[%emt 0:0:16]} Kg7 {[%emt 0:1:9]} 12. Nxc5 {[%emt 0:2:55]} Qb6 {[%emt 0:2:9]} 13. Qe3 {[%emt 0:0:5]
} Bd6 {[%emt 0:0:15]} 14. b4 {[%emt 0:0:5]} e5 {[%emt 0:0:54]
} 15. Bb2 {[%emt 0:0:48]} f6 {[%emt 0:0:10]} 16. a4 {[%emt 0:0:59]} Ne7 {[%emt 0:0:23]
} 17. 0-0 {[%emt 0:0:16]} Rf8 {[%emt 0:1:5]} 18. Rf2 {[%emt 0:0:0]} Nd5 {[%emt 0:0:49]} 19. Qe4 {[%emt 0:0:34]} Nxb4 {[%emt 0:0:21]} 20. d4 {[%emt 0:0:21]} exd4 {[%emt 0:1:14]} 21. Nb3 {[%emt 0:0:28]} Bf5 {[%emt 0:0:29]
} 22. Rxf5 {[%emt 0:0:2]} gxf5 {[%emt 0:0:2]} 23. Qxf5 {[%emt 0:0:1]
} Be5 {[%emt 0:0:25]} 24. Ba3 {[%emt 0:0:21]} d3+ {[%emt 0:0:0]} 25. Kh1 {[%emt 0:0:3]} a6 {[%emt 0:0:14]} 26. Bxb4 {[%emt 0:0:32]} axb5 {[%emt 0:0:7]} 27. Bxf8+ {[%emt 0:0:20]} Rxf8 {[%emt 0:0:2]} 28. Rd1 {[%emt 0:0:7]} Qc6+ {[%emt 0:0:13]} 29. Kg1 {[%emt 0:0:1]} bxa4 {[%emt 0:0:0]} 30. Rxd3 {[%emt 0:0:3]} axb3 {[%emt 0:0:34]} 31. Rd7+ {[%emt 0:0:0]} Rf7 {[%emt 0:0:1]} 32. Qg4+ {[%emt 0:0:22]} Kf8 {[%emt 0:0:5]} 33. Qb4+ {[%emt 0:0:8]} Ke8 {[%emt 0:0:10]} 0-1

[Event "FIDE World Rapid-ch Open 2018"]
[White "Le, Quang Liem"]
[Black "Popov, Ivan"]
[Site "St. Petersburg"]
[Round "1.14"]
[Annotator "ChessBase"]
[Result "1/2-1/2"]
[Date "2018.12.26"]
[WhiteElo "2714"]
[BlackElo "2592"]
[PlyCount "42"]
[TimeControl "900+10"]

1. c4 {[%emt 0:0:0]} e5 {[%emt 0:0:0]} 2. d3 {[%emt 0:0:0]} Bb4+ {[%emt 0:0:11]
} 3. Nd2 {[%emt 0:0:0]} c5 {[%emt 0:0:7]} 4. a3 {[%emt 0:0:0]} Ba5 {[%emt 0:0:8]} 5. g3 {[%emt 0:0:12]} Nc6 {[%emt 0:0:16]} 6. Bg2 {[%emt 0:0:3]
} Nge7 {[%emt 0:0:24]} 7. Ngf3 {[%emt 0:0:8]} 0-0 {[%emt 0:0:0]} 8. 0-0 {[%emt 0:0:5]} d6 {[%emt 0:0:3]} 9. b4 {[%emt 0:1:28]} cxb4 {[%emt 0:0:10]
} 10. Nb3 {[%emt 0:0:2]} Bc7 {[%emt 0:1:24]} 11. axb4 {[%emt 0:0:18]
} Nxb4 {[%emt 0:0:3]} 12. Ba3 {[%emt 0:0:2]} Nbc6 {[%emt 0:0:0]} 13. Nfd2 {[%emt 0:1:25]} Bg4 {[%emt 0:1:44]} 14. h3 {[%emt 0:0:5]} Be6 {[%emt 0:0:52]} 15. e3 {[%emt 0:0:50]} Rb8 {[%emt 0:2:11]} 16. d4 {[%emt 0:1:12]
} exd4 {[%emt 0:0:33]} 17. Nxd4 {[%emt 0:0:31]} Nxd4 {[%emt 0:0:0]} 18. exd4 {[%emt 0:0:3]} b5 {[%emt 0:3:13]} 19. d5 {[%emt 0:0:28]} Bd7 {[%emt 0:0:3]} 20. cxb5 {[%emt 0:1:51]} Bxb5 {[%emt 0:0:28]} 21. Re1 {[%emt 0:0:2]
} Ng6 {[%emt 0:0:43]} 1/2-1/2

[Event "FIDE World Rapid-ch Open 2018"]
[White "Zablotsky, Sergei"]
[Black "Korobov, Anton"]
[Site "St. Petersburg"]
[Round "1.15"]
[Annotator "ChessBase"]
[Result "0-1"]
[Date "2018.12.26"]
[WhiteElo "2511"]
[BlackElo "2698"]
[PlyCount "106"]
[TimeControl "900+10"]

1. e4 {[%emt 0:0:0]} c5 {[%emt 0:0:0]} 2. Nf3 {[%emt 0:0:2]} d6 {[%emt 0:0:0]} 3. d4 {[%emt 0:0:35]} cxd4 {[%emt 0:0:0]} 4. Nxd4 {[%emt 0:0:2]} Nf6 {[%emt 0:0:2]} 5. Nc3 {[%emt 0:0:2]} a6 {[%emt 0:0:3]} 6. h3 {[%emt 0:0:34]
} Nc6 {[%emt 0:0:5]} 7. g4 {[%emt 0:0:12]} Qb6 {[%emt 0:0:3]
} 8. Nb3 {[%emt 0:0:33]} e6 {[%emt 0:0:3]} 9. Bg2 {[%emt 0:0:7]} Be7 {[%emt 0:0:49]
} 10. 0-0 {[%emt 0:1:26]} Qc7 {[%emt 0:0:10]} 11. f4 {[%emt 0:0:0]} b5 {[%emt 0:1:11]} 12. Be3 {[%emt 0:2:31]} Bb7 {[%emt 0:0:30]} 13. g5 {[%emt 0:0:44]} Nd7 {[%emt 0:0:3]} 14. a4 {[%emt 0:0:5]} b4 {[%emt 0:0:0]} 15. Ne2 {[%emt 0:0:4]} 0-0 {[%emt 0:2:5]} 16. a5 {[%emt 0:0:28]} Rae8 {[%emt 0:0:23]} 17. Qd2 {[%emt 0:0:8]} Nc5 {[%emt 0:0:44]} 18. Ned4 {[%emt 0:1:35]
} Nxd4 {[%emt 0:0:44]} 19. Qxd4 {[%emt 0:0:39]} e5 {[%emt 0:0:0]} 20. Qxb4 {[%emt 0:0:7]} exf4 {[%emt 0:0:5]} 21. Bxf4 {[%emt 0:0:14]} Ne6 {[%emt 0:0:2]} 22. Bg3 {[%emt 0:3:51]} Ba8 {[%emt 0:1:16]} 23. Nd4 {[%emt 0:1:44]
} Rb8 {[%emt 0:1:28]} 24. Nxe6 {[%emt 0:0:23]} fxe6 {[%emt 0:0:0]} 25. Rxf8+ {[%emt 0:0:5]} Bxf8 {[%emt 0:0:3]} 26. Qc3 {[%emt 0:0:0]} Qxc3 {[%emt 0:0:52]} 27. bxc3 {[%emt 0:0:1]} Rc8 {[%emt 0:0:3]} 28. Rd1 {[%emt 0:1:46]} e5 {[%emt 0:0:23]} 29. Rb1 {[%emt 0:0:4]} Rxc3 {[%emt 0:0:30]
} 30. Rb8 {[%emt 0:0:3]} Bc6 {[%emt 0:1:8]} 31. g6 {[%emt 0:0:0]} hxg6 {[%emt 0:0:16]} 32. Bh4 {[%emt 0:0:2]} Kf7 {[%emt 0:0:11]} 33. Rb6 {[%emt 0:0:47]} d5 {[%emt 0:2:14]} 34. Rb3 {[%emt 0:0:46]} Rxb3 {[%emt 0:1:29]
} 35. cxb3 {[%emt 0:0:2]} dxe4 {[%emt 0:0:1]} 36. Bf1 {[%emt 0:0:11]
} Bc5+ {[%emt 0:0:1]} 37. Kh2 {[%emt 0:0:6]} Bb7 {[%emt 0:0:0]} 38. Bc4+ {[%emt 0:0:2]} Ke8 {[%emt 0:0:2]} 39. Be1 {[%emt 0:0:11]} Ke7 {[%emt 0:0:46]} 40. b4 {[%emt 0:0:2]} Bd4 {[%emt 0:0:1]} 41. b5 {[%emt 0:0:2]
} axb5 {[%emt 0:0:1]} 42. Bxb5 {[%emt 0:0:14]} g5 {[%emt 0:0:0]} 43. Kg3 {[%emt 0:0:28]} e3 {[%emt 0:0:7]} 44. Be2 {[%emt 0:0:21]} Kd6 {[%emt 0:0:39]} 45. a6 {[%emt 0:0:5]} Bd5 {[%emt 0:0:6]} 46. Bb4+ {[%emt 0:0:8]
} Ke6 {[%emt 0:0:12]} 47. Bg4+ {[%emt 0:0:16]} Kf6 {[%emt 0:0:0]} 48. Bc8 {[%emt 0:0:5]} e2 {[%emt 0:0:19]} 49. Bb7 {[%emt 0:0:5]} Bc4 {[%emt 0:0:24]} 50. Kf3 {[%emt 0:0:19]} Bd3 {[%emt 0:0:1]} 51. Be1 {[%emt 0:0:13]
} Ke6 {[%emt 0:0:20]} 52. Kg2 {[%emt 0:0:11]} Kf5 {[%emt 0:0:0]} 53. Bc8+ {[%emt 0:0:5]} Kf4 {[%emt 0:0:19]} 0-1

[Event "FIDE World Rapid-ch Open 2018"]
[White "Giri, Anish"]
[Black "Golubov, Saveliy"]
[Site "St. Petersburg"]
[Round "1.16"]
[Annotator "TA"]
[Result "1-0"]
[Date "2018.12.26"]
[WhiteElo "2783"]
[BlackElo "2482"]
[PlyCount "91"]

1. e4 {} c5 2. Nf3 e6 3. d4 d5 4. exd5 exd5 5. Bb5+ Nc6 6. 0-0 Nf6 {
LiveBook: 13 Games} 7. Ne5 {C01: French: Exchange Variation} (7. Re1+ Be7 8. dxc5 0-0 9. Be3 Ne4 10. Nbd2 Nxc5 11. Nb3 Ne4 12. c4 Bb4 13. Rf1 a6 14. Bxc6 bxc6 15. cxd5 cxd5 {0-1 (51) Kovalev,V (2549)-Stupak,K (2541) Orsha 2018} )Bd7 8. Re1 {[#] Strongly threatening Nxc6+.} Be7 9. Nxd7 {White is slightly
better.} Qxd7 10. dxc5 Ne4 $146 ({Predecessor:} 10... 0-0 11. b4 a5 12. c3 d4 13. Bxc6 bxc6 14. Qxd4 Qxd4 15. cxd4 {0-1 (45) Soucek,M (2186)-Georgiev,K 
(2426) Sunny Beach 2011} )11. b4 Bf6 12. c3 $1 {[#] Threatens to win with f3.} 0-0-0 $1 13. Qd3 Rhe8 14. Bxc6 ({Better is} 14. Be3 $16 )Qxc6 $11 15. Be3 $1 Qa6 16. Qxa6 bxa6 17. Rc1 Nxc3 (17... d4 $1 $11 18. cxd4 Rxd4 )18. Nxc3 $16 {Hoping for Bf4.} d4 19. Bd2 {Black must now prevent Na4.} dxc3 20. Bxc3 Bxc3 21. Rxc3 { Endgame KRR-KRR} Re2 22. a3 Rdd2 23. Rf3 f6 24. h4 Rd4 25. g3 Kc7 26. Kf1 Rdd2 27. Re1 Rxe1+ 28. Kxe1 $18 {KR-KR} Ra2 29. Re3 Kd7 30. h5 {} g6 $2 (30... h6 {might work better.} 31. Kf1 Rd2 )31. h6 f5 32. Kf1 g5 $2 (32... Rd2 33. Ke1 Rd5 )33. Kg2 f4 34. Rd3+ Kc7 (34... Ke7 $142 35. c6 Rc2 36. Rd7+ Ke8 37. Rxh7 Rxc6 )35. gxf4 gxf4 36. Kf3 a5 37. b5 a4 38. c6 Kb6 39. Rc3 {White threatens c7 and mate.} Kc7 40. Rd3 (40. Kg4 $142 )Kb6 41. Kxf4 Rxf2+ 42. Ke5 Rc2 43. Rd7 Kxb5 44. c7 {White
mates.} Kb6 45. Rxh7 Rc5+ 46. Ke4 {Accuracy: White = 76%, Black = 29%.} 1-0

[Event "FIDE World Rapid-ch Open 2018"]
[White "Potapov, Pavel"]
[Black "Mamedov, Rauf"]
[Site "St. Petersburg"]
[Round "1.17"]
[Annotator "ChessBase"]
[Result "1/2-1/2"]
[Date "2018.12.26"]
[WhiteElo "2516"]
[BlackElo "2703"]
[PlyCount "111"]
[TimeControl "900+10"]

1. e4 c5 2. c3 Nf6 3. e5 Nd5 4. Bc4 Nb6 5. Bb3 Nc6 6. Nf3 d5 7. exd6 Qxd6 8. 0-0 Be6 9. Bxe6 Qxe6 10. d4 cxd4 11. cxd4 Qd7 12. Nc3 e6 13. Bg5 h6 14. Bh4 Bb4 15. Qb3 0-0 16. Rfd1 Bxc3 17. bxc3 Rac8 18. a4 Qd5 19. Qxd5 exd5 20. a5 Nc4 21. a6 b6 22. Bg3 f6 23. Ne1 Kf7 24. Nd3 g5 25. h4 Rfe8 26. Re1 Rxe1+ 27. Rxe1 Na3 28. hxg5 hxg5 29. f4 g4 30. Nf2 Rg8 31. Kf1 Ne7 32. Nd3 Nf5 33. Bf2 g3 34. Bg1 Nb5 35. Nb4 Rd8 36. Rc1 Ne7 37. Ke2 Nd6 38. Kd3 Rh8 39. Be3 Rh2 40. Rg1 Ke6 41. Bd2 Ne4 42. Be1 Ng6 43. f5+ Kxf5 44. Nxd5 Nf2+ 45. Bxf2 gxf2 46. Rf1 Ke6 47. Nc7+ Kd7 48. Nb5 Rxg2 49. Nxa7 Nf4+ 50. Ke4 Nh3 51. Kf3 Rg1 52. Ke2 Rg5 53. Ra1 Rg1 54. Rf1 Rg5 55. Ra1 Rg1 56. Rf1 1/2-1/2

[Event "FIDE World Rapid-ch Open 2018"]
[White "Tomashevsky, Evgeny"]
[Black "Reshetnikov, Alexey"]
[Site "St. Petersburg"]
[Round "1.18"]
[Annotator "ChessBase"]
[Result "1/2-1/2"]
[Date "2018.12.26"]
[WhiteElo "2705"]
[BlackElo "2492"]
[PlyCount "85"]
[TimeControl "900+10"]

1. d4 {[%emt 0:0:0]} d5 {[%emt 0:0:0]} 2. c4 {[%emt 0:0:0]} c6 {[%emt 0:0:0]} 3. Nf3 {[%emt 0:0:0]} Nf6 {[%emt 0:0:0]} 4. e3 {[%emt 0:0:24]} Bf5 {[%emt 0:0:40]} 5. Nc3 {[%emt 0:0:6]} e6 {[%emt 0:0:3]} 6. Nh4 {[%emt 0:0:0]} Be4 {[%emt 0:0:4]} 7. f3 {[%emt 0:0:25]} Bg6 {[%emt 0:0:2]} 8. Bd2 {[%emt 0:0:10]} Bd6 {[%emt 0:0:30]} 9. g3 {[%emt 0:2:1]} Nbd7 {[%emt 0:0:0]} 10. Qb3 {[%emt 0:0:49]} Qc7 {[%emt 0:0:36]} 11. Rc1 {[%emt 0:1:20]} a6 {[%emt 0:0:51]} 12. cxd5 {[%emt 0:2:20]} exd5 {[%emt 0:0:9]} 13. Kf2 {[%emt 0:0:19]
} 0-0 {[%emt 0:0:44]} 14. Kg2 {[%emt 0:0:22]} Rfe8 {[%emt 0:0:0]} 15. Nxg6 {[%emt 0:0:8]} hxg6 {[%emt 0:0:3]} 16. Bd3 {[%emt 0:0:29]} b5 {[%emt 0:6:5]} 17. a4 {[%emt 0:3:13]} b4 {[%emt 0:1:19]} 18. Ne2 {[%emt 0:0:2]
} Qb7 {[%emt 0:0:51]} 19. Qd1 {[%emt 0:1:5]} c5 {[%emt 0:0:0]} 20. b3 {[%emt 0:0:50]} Rac8 21. Rc2 Nf8 {[%emt 0:2:9]} 22. Qb1 {[%emt 0:2:14]
} cxd4 {[%emt 0:0:24]} 23. Rxc8 {[%emt 0:0:22]} Rxc8 {[%emt 0:0:0]} 24. Nxd4 {[%emt 0:0:13]} Be5 {[%emt 0:0:8]} 25. Rc1 {[%emt 0:0:6]} Bxd4 {[%emt 0:0:36]} 26. Rxc8 {[%emt 0:0:7]} Qxc8 {[%emt 0:0:5]} 27. exd4 {[%emt 0:0:2]} a5 {[%emt 0:0:39]} 28. Qc1 {[%emt 0:0:54]} Qxc1 {[%emt 0:0:0]} 29. Bxc1 {[%emt 0:0:1]} Ne6 {[%emt 0:0:1]} 30. Be3 {[%emt 0:0:1]} Ne8 {[%emt 0:0:14]} 31. h4 {[%emt 0:0:11]} Nd6 {[%emt 0:0:20]} 32. g4 {[%emt 0:0:7]
} Kf8 {[%emt 0:0:49]} 33. Kf2 {[%emt 0:0:23]} Ke7 {[%emt 0:0:0]} 34. Ke2 {[%emt 0:0:6]} f5 {[%emt 0:0:29]} 35. Kd2 {[%emt 0:0:19]} f4 {[%emt 0:0:17]
} 36. Bf2 {[%emt 0:0:12]} g5 {[%emt 0:0:3]} 37. hxg5 {[%emt 0:0:0]} Nxg5 {[%emt 0:0:1]} 38. Bh4 {[%emt 0:0:2]} Ndf7 {[%emt 0:0:0]} 39. Bf5 {[%emt 0:1:15]} Kd6 {[%emt 0:0:35]} 40. Ke2 {[%emt 0:0:4]} Ne6 {[%emt 0:0:2]
} 41. Bxe6 {[%emt 0:0:16]} Kxe6 {[%emt 0:0:2]} 42. Kd3 {[%emt 0:0:5]
} g5 {[%emt 0:0:2]} 43. Be1 {[%emt 0:0:3]} 1/2-1/2

[Event "FIDE World Rapid-ch Open 2018"]
[White "Popov, Valerij"]
[Black "Grischuk, Alexander"]
[Site "St. Petersburg"]
[Round "1.19"]
[Annotator "TA"]
[Result "0-1"]
[Date "2018.12.26"]
[WhiteElo "2532"]
[BlackElo "2771"]
[PlyCount "115"]

1. Nf3 {} Nf6 2. c4 g6 3. Nc3 Bg7 4. e4 d6 5. d4 0-0 6. Be2 e5 7. 0-0 Nc6 8. d5 Ne7 9. a4 a5 10. Ne1 Nd7 11. Nd3 f5 12. f3 Kh8 {E97: King's Indian: Classical Main Line (6...e5 7 0-0 Nc6): 8 Be3 and 8
d5 Ne7, not 9 Ne1} 13. Be3 b6 { LiveBook: 7 Games} 14. g4 $146 ({Predecessor:} 14. Kh1 Nc5 15. Nxc5 bxc5 16. Nb5 Ng8 17. Ra3 Bh6 18. exf5 Rxf5 19. Qd2 Bxe3 20. Rxe3 {0-1 (88) Nikcevic,N (2415)-Djukic,N (2512)
Podgorica 2014} )Ng8 {The position is equal.} 15. Qd2 f4 16. Bf2 h5 17. h3 Nc5 18. Nxc5 bxc5 19. Nb5 Bh6 20. Ra3 Nf6 21. Qe1 Rf7 22. Bh4 g5 23. Bf2 Rh7 24. Kg2 Bd7 25. Rd3 Be8 26. Rg1 Bf8 27. Rd1 Qd7 28. Kf1 Bg6 29. Bd3 Be7 30. Ke2 Kg7 31. Qd2 hxg4 32. hxg4 Rh3 33. Rde1 c6 34. dxc6 Qxc6 35. Nc3 (35. Rh1 $5 {
} Rah8 36. Rxh3 Rxh3 37. Qc2 $15 )Rah8 36. b3 Qd7 37. Bc2 Rh2 $36 { White is under pressure.} 38. Qd1 ({White should play} 38. Nd5 $15 )R8h3 $19 {aiming for ...Rxf3!} 39. Nd5 {With the idea Nxf6.} Nxd5 ({
Black should try} 39... Nh5 $1 $19 {} 40. Kf1 Ng3+ 41. Bxg3 Rxg3 )40. Qxd5 $17 Bf7 (40... Qd8 $1 $17 { ...Qh8 is the strong threat.} 41. Rd1 Qb8 )41. Qd2 $2 (41. Qd3 $15 )Qd8 42. Ref1 (42. Rd1 $142 )Be6 $2 (42... Qh8 $1 $19 {Hoping for ...Rg3.} 43. Bd1 Bg6 )43. Qe1 $2 { [#]} (43. Qc3 $11 )Qh8 $1 $19 44. Qc3 {[#]} Rg3 $1 45. Ke1 {[#]} (45. Bd1 $142 )Rxf2 $1 { Clearance} 46. Kxf2 Qh2+ 47. Ke1 Rxg1 48. Rxg1 Qxg1+ 49. Ke2 Kf7 50. Bd1 Qd4 51. Qxa5 {[#]} (51. Qd3 $142 )Bxg4 $1 {} 52. fxg4 Qxe4+ 53. Kd2 Qd4+ 54. Kc2 e4 {( -> ...Bf6)} 55. Qa8 $2 (55. Qd2 $19 )f3 (55... Qd3+ $142 56. Kc1 Qc3+ 57. Bc2 Qe1+ 58. Bd1 f3 59. Qd5+ Kg7 60. Qe6 Bf6 61. Qd7+ Kh6 62. Qxd6 Kg6 63. a5 f2 64. Qd2 f1=Q 65. Kc2 Qff2 66. Be2 Qexe2 67. Qxe2 Qxe2+ 68. Kc1 Bc3 69. a6 Qd2+ 70. Kb1 Qb2# )56. Qc8 Bf6 {} 57. Qd7+ Kg6 {} 58. Qe7 {Accuracy: White = 27%, Black = 53%.} 0-1

[Event "FIDE World Rapid-ch Open 2018"]
[White "Guseinov, Gadir"]
[Black "Geller, Jakov"]
[Site "St. Petersburg"]
[Round "1.20"]
[Annotator "ChessBase"]
[Result "1-0"]
[Date "2018.12.26"]
[WhiteElo "2664"]
[BlackElo "2518"]
[PlyCount "83"]
[TimeControl "900+10"]

1. e4 {[%emt 0:0:0]} c5 {[%emt 0:0:0]} 2. Nc3 {[%emt 0:0:1]} e6 {[%emt 0:0:0]} 3. Nf3 {[%emt 0:0:9]} a6 {[%emt 0:0:11]} 4. d4 {[%emt 0:0:4]} cxd4 {[%emt 0:0:4]} 5. Nxd4 {[%emt 0:0:2]} Qc7 {[%emt 0:0:12]} 6. Bd3 {[%emt 0:0:0]} Nf6 {[%emt 0:0:4]} 7. 0-0 {[%emt 0:0:3]} Be7 {[%emt 0:0:2]} 8. f4 {[%emt 0:0:12]} d6 {[%emt 0:0:5]} 9. Kh1 {[%emt 0:0:21]} Nbd7 {[%emt 0:0:0]} 10. Qe2 {[%emt 0:0:9]} b5 {[%emt 0:0:6]} 11. Bd2 {[%emt 0:0:4]} Bb7 {[%emt 0:0:15]} 12. b4 {[%emt 0:0:4]} 0-0 {[%emt 0:1:51]} 13. a4 {[%emt 0:0:0]} bxa4 {[%emt 0:0:59]} 14. Nxa4 {[%emt 0:0:9]} d5 {[%emt 0:1:54]} 15. e5 {[%emt 0:0:3]} Ne4 {[%emt 0:0:1]} 16. Be1 {[%emt 0:0:1]} Nb6 {[%emt 0:0:0]} 17. Nxb6 {[%emt 0:7:20]} Qxb6 {[%emt 0:0:3]} 18. Qe3 {[%emt 0:0:41]
} Rad8 {[%emt 0:5:45]} 19. Rd1 {[%emt 0:2:45]} f6 {[%emt 0:0:52]} 20. Bh4 {[%emt 0:3:2]
} Rde8 {[%emt 0:2:5]} 21. Bxe4 {[%emt 0:1:48]} dxe4 {[%emt 0:0:0]} 22. Qb3 {[%emt 0:0:1]} Bd5 {[%emt 0:0:34]} 23. c4 {[%emt 0:0:6]} fxe5 {[%emt 0:0:8]} 24. Bxe7 {[%emt 0:0:28]} Rxe7 {[%emt 0:0:5]} 25. Nc2 {[%emt 0:0:31]
} Bb7 {[%emt 0:0:52]} 26. fxe5 {[%emt 0:0:2]} Ref7 {[%emt 0:0:0]} 27. Rxf7 {[%emt 0:0:10]} Rxf7 {[%emt 0:0:2]} 28. c5 {[%emt 0:0:35]} Qc6 {[%emt 0:0:30]} 29. Nd4 {[%emt 0:0:6]} Qd5 {[%emt 0:0:2]} 30. Nxe6 {[%emt 0:0:11]
} h6 {[%emt 0:0:20]} 31. Qxd5 {[%emt 0:0:24]} Bxd5 {[%emt 0:0:0]} 32. Nd4 {[%emt 0:0:2]} e3 {[%emt 0:0:7]} 33. Kg1 {[%emt 0:0:17]} Rf2 {[%emt 0:0:25]} 34. Nf3 {[%emt 0:0:4]} Bxf3 {[%emt 0:0:10]} 35. gxf3 {[%emt 0:0:2]
} Rxf3 {[%emt 0:0:1]} 36. Re1 {[%emt 0:0:19]} Kf7 {[%emt 0:0:0]} 37. Rf1 {[%emt 0:0:22]} Rxf1+ {[%emt 0:0:5]} 38. Kxf1 {[%emt 0:0:1]} Ke6 {[%emt 0:0:5]} 39. c6 {[%emt 0:0:2]} g5 {[%emt 0:0:8]} 40. Ke2 {[%emt 0:0:4]
} h5 {[%emt 0:0:2]} 41. Kxe3 {[%emt 0:0:3]} Ke7 {[%emt 0:0:0]} 42. Kf3 {[%emt 0:0:5]} 1-0